| 000 | 00942nmc a2200337 a 4500 | ||
|---|---|---|---|
| 003 | AR-BaBNM | ||
| 005 | 20251128203054.0 | ||
| 008 | 011101s1959 ||||||||||||||000 | spa|| | ||
| 040 | _cAR-BaBNM | ||
| 100 | 1 | _aMira y López, Emilio | |
| 245 | 1 | 0 | _aCómo estudiar y cómo aprender |
| 250 | _a6ª ed. | ||
| 260 |
_aBuenos Aires _bKapelusz _c1959 |
||
| 300 | _a104 p. | ||
| 490 | 0 | _aBiblioteca de cultura pedagógica | |
| 500 | _aPrólogo de la profesora Clotilde Guillén de Rezzano | ||
| 650 | 4 | _aMETODOS DE ESTUDIO | |
| 650 | 4 | _aAPRENDIZAJE | |
| 650 | 4 | _aMOTIVACION DEL ALUMNO | |
| 650 | 4 | _aACTIVIDADES DE APRENDIZAJE | |
| 650 | 4 | _aACTIVIDADES EN GRUPO | |
| 650 | 4 | _aAUTODISCIPLINA | |
| 650 | 4 | _aLECTURA | |
| 650 | 4 | _aLECTURA SILENCIOSA | |
| 650 | 4 | _aLECTURA RAPIDA | |
| 650 | 4 | _aPROCESO DE APRENDIZAJE | |
| 650 | 4 | _aMADUREZ PARA EL APRENDIZAJE | |
| 653 | _aCOMPRENSION LECTORA | ||
| 942 | _cBK | ||
| 998 | _cCarmen | ||
| 999 |
_c1758 _d1758 |
||